| 000 | 00901cab a22002295a 4500 | ||
|---|---|---|---|
| 001 | L159416 | ||
| 008 | 170602e2013 xxk 000 0 eng d | ||
| 020 | _a9781847974433 | ||
| 035 | _a(Sirsi) u159416 | ||
| 041 | 0 | _aeng | |
| 100 | 1 | _aMcCrea, A | |
| 245 | 0 | 0 |
_aInsulating your home _h[electronic resource] |
| 260 |
_aMarlborough _bCrowood Press _c2013 |
||
| 520 | _aHighlights the advantages of installing insulation in domestic properties. Looks at steps which can be taken to reduce heat loss, how to insultate lofts and roofs, reducing draughts, choosing energy efficient double glazing, using radiator foil and insulating tanks. | ||
| 650 | 2 | 4 | _aINSULATION |
| 650 | 2 | 4 | _aEBOOK |
| 650 | 2 | 4 | _aENERGY EFFICIENCY |
| 651 | 4 |
_aUnited Kingdom _y |
|
| 690 |
_aEnergy _96237 |
||
| 856 | 4 | 0 |
_uhttps://www.vlebooks.com/ _zView on VLEbooks. Logins for members only from [email protected] |
| 942 | _n0 | ||
| 999 |
_c84871 _d84871 |
||